000 00368nam a22001577a 4500
020 _a9789354226526
082 _a823
_bALK/H
100 _aAlka Joshi
245 _aHenna artist /
_cby Alka Joshi
260 _aHaryana:
_bHarperCollins,
_c2021.
300 _a333p.
650 _aNovel English
650 _aLiterature English
650 _aLiterature
942 _cBK
999 _c181293
_d181293